Urban development and civil society : (Record no. 2635)

000 -LEADER
fixed length control field 01412cam a22003374a 4500
001 - CONTROL NUMBER
control field 12233902
003 - CONTROL NUMBER IDENTIFIER
control field OSt
005 - DATE AND TIME OF LATEST TRANSACTION
control field 20180117085946.0
008 - FIXED-LENGTH DATA ELEMENTS--GENERAL INFORMATION
fixed length control field 001117s2001 vaua b 001 0 eng
010 ## - LIBRARY OF CONGRESS CONTROL NUMBER
LC control number 00067276
020 ## - INTERNATIONAL STANDARD BOOK NUMBER
International Standard Book Number 1853837180 (hardcover)
020 ## - INTERNATIONAL STANDARD BOOK NUMBER
International Standard Book Number 1853837172 (pbk.)
040 ## - CATALOGING SOURCE
Original cataloging agency DLC
Transcribing agency DLC
Modifying agency DLC
042 ## - AUTHENTICATION CODE
Authentication code pcc
050 00 - LIBRARY OF CONGRESS CALL NUMBER
Classification number HT166
Item number .U726 2001
082 00 - DEWEY DECIMAL CLASSIFICATION NUMBER
Classification number 307.1/416
Edition number 21
245 00 - TITLE STATEMENT
Title Urban development and civil society :
Remainder of title the role of communities in sustainable cities /
Statement of responsibility, etc. edited by Michael Carley, Paul Jenkins, and Harry Smith.
260 ## - PUBLICATION, DISTRIBUTION, ETC.
Place of publication, distribution, etc. Sterling, VA :
Name of publisher, distributor, etc. Earthscan Publications,
Date of publication, distribution, etc. 2001.
300 ## - PHYSICAL DESCRIPTION
Extent xiv, 230 p. :
Other physical details ill. ;
Dimensions 24 cm.
504 ## - BIBLIOGRAPHY, ETC. NOTE
Bibliography, etc. note Includes bibliographical references and index.
650 #0 - SUBJECT ADDED ENTRY--TOPICAL TERM
Topical term or geographic name entry element Community development, Urban.
650 #0 - SUBJECT ADDED ENTRY--TOPICAL TERM
Topical term or geographic name entry element City planning
General subdivision Citizen participation.
650 #0 - SUBJECT ADDED ENTRY--TOPICAL TERM
Topical term or geographic name entry element Sustainable urban development.
700 1# - ADDED ENTRY--PERSONAL NAME
Personal name Carley, Michael.
700 1# - ADDED ENTRY--PERSONAL NAME
Personal name Jenkins, Paul,
Dates associated with a name 1953-
700 1# - ADDED ENTRY--PERSONAL NAME
Personal name Smith, Harry,
Dates associated with a name 1963-
906 ## - LOCAL DATA ELEMENT F, LDF (RLIN)
a 7
b cbc
c orignew
d 1
e ocip
f 20
g y-gencatlg
942 ## - ADDED ENTRY ELEMENTS (KOHA)
Source of classification or shelving scheme
Koha item type Book
Holdings
Withdrawn status Lost status Source of classification or shelving scheme Damaged status Not for loan Collection code Permanent Location Current Location Shelving location Date acquired Total Checkouts Full call number Barcode Date last seen Price effective from Koha item type
            Central Library (CL) Central Library (CL) General Stacks 03/09/2016   307.1/416 CAR S3H-N-437 03/09/2016 03/09/2016 Book
© 2023 Central Library, National University of Sciences and Technology. All Rights Reserved.